000 01196nam a2200265Ia 4500
003 Ost
005 20260416102354.0
008 260416s9999||||xx |||||||||||||| ||und||
040 _cfsecg
041 _aara
082 _a658
100 _aشيهاني، سهام
_eمؤلف
245 0 _aمحاضرات في مقياس مدخل لإدارة الأعمال /
_c سهام شيهاني
260 _aالجزائر
_bجامعة الجزائر3: كلية العلوم الإقتصادية، العلوم التجارية وعلوم التسيير
_c2019
300 _a90 ورقة
_bايضاحات
_c30 سم
504 _aمراجع ص.90
520 _aمفهوم و مداخل ادارة الاعمال، مراحل تطور الفكر الاداري، وظائف التسيير (التخطيط، التنظيم، التوجيه، الرقابة).
653 _aادارة الاعمال
653 _aالتخطيط
653 _aالتنظيم
653 _aالتوجيه
653 _aالرقابة
710 _aجامعة الجزائر3: كلية العلوم الإقتصادية، العلوم التجارية وعلوم التسيير
_eناشر علمي
942 _cHANDOUT
999 _c41146
_d41146